[Event "CUB-ch U18"]
[Site "San Nicolas de Bari"]
[Date "2018.06.14"]
[Round "3"]
[White "Santander Valle, David A"]
[Black "Saiz Rodriguez, Daniel Evelio"]
[Result "1/2-1/2"]
[WhiteElo "2001"]
[BlackElo "2241"]
[PlyCount "161"]
[EventDate "2018.06.13"]
[EventType "swiss"]
[EventRounds "9"]
[EventCountry "CUB"]
[SourceTitle "EXT 2021"]
[Source "ChessBase"]
[SourceDate "2020.10.23"]
[SourceVersion "1"]
[SourceVersionDate "2020.10.23"]
[SourceQuality "1"]

1. e4 c5 2. Nf3 g6 3. d4 Bg7 4. c4 Qb6 5. Nc3 cxd4 6. Nd5 Qa5+ 7. b4 Qd8 8. Nxd4 e6 9. Ne3 Nc6 10. Nxc6 bxc6 11. Rb1 c5 12. a3 Bb7 13. f3 Ne7 14. Bb2 f6 15. Ng4 0-0 16. Qd6 Rc8 17. Rd1 Rc7 18. Be2 Nc8 19. Qd2 Nb6 20. b5 d5 21. cxd5 exd5 22. exd5 Bxd5 23. 0-0 Qe7 24. Rfe1 Qf7 25. Bxf6 h5 26. Bxg7 Qxg7 27. Ne3 Bf7 28. Rc1 c4 29. Red1 Re8 30. Bf1 Qe5 31. Re1 Qxb5 32. Nc2 Qc5+ 33. Qd4 Qxd4+ 34. Nxd4 Rec8 35. Nb5 Rd7 36. Red1 Rcd8 37. Rxd7 Rxd7 38. Kf2 Rd2+ 39. Ke3 Rb2 40. Nd6 Rb3+ 41. Kd4 Rxa3 42. Nxf7 Kxf7 43. Bxc4+ Nxc4 44. Kxc4 Ra2 45. Rg1 Kf6 46. Kd4 a5 47. Ke4 g5 48. h3 a4 49. f4 g4 50. hxg4 hxg4 51. g3 Ra3 52. Rg2 Rb3 53. Kd4 a3 54. Rg1 a2 55. Ra1 Ra3 56. Ke4 Ra4+ 57. Ke3 Kf5 58. Kf2 Ke4 59. Kg2 Kd3 60. f5 Kc2 61. f6 Kb2 62. f7 Ra8 63. Rf1 a1Q 64. f8Q Rxf8 65. Rxf8 Kc3 66. Rc8+ Kd4 67. Rd8+ Ke5 68. Re8+ Kf6 69. Rf8+ Kg7 70. Rf2 Qd4 71. Kg1 Kg6 72. Kg2 Qd1 73. Kh2 Qe1 74. Kg2 Qe4+ 75. Kg1 Kg5 76. Rf1 Qd3 77. Kg2 Qe2+ 78. Rf2 Qd1 79. Kh2 Qe1 80. Kg2 Qe3 81. Rf1 1/2-1/2

[Event "Capablanca Memorial op 53rd"]
[Site "Havana"]
[Date "2018.05.17"]
[Round "8"]
[White "Saiz Rodriguez, Daniel Evelio"]
[Black "Perez Rodriguez, Luis Manuel"]
[Result "0-1"]
[WhiteElo "2243"]
[BlackElo "2379"]
[PlyCount "44"]
[EventDate "2018.05.09"]
[EventType "swiss"]
[EventRounds "10"]
[EventCountry "CUB"]
[SourceTitle "EXT 2021"]
[Source "ChessBase"]
[SourceDate "2020.10.23"]
[SourceVersion "1"]
[SourceVersionDate "2020.10.23"]
[SourceQuality "1"]

1. c4 e5 2. g3 Nf6 3. Bg2 d5 4. cxd5 Nxd5 5. Nc3 Nb6 6. Nf3 Nc6 7. 0-0 Be7 8. d3 0-0 9. Be3 Re8 10. a3 Bf8 11. b4 Nd4 12. Bxd4 exd4 13. Nb5 g5 14. h3 Bg7 15. a4 a6 16. Na3 h6 17. Nc2 a5 18. Qd2 axb4 19. Qxb4 Nd5 20. Qc4 Nc3 21. e4 dxe3 22. fxe3 Be6 0-1

[Event "Moncada Cup-C"]
[Site "Santiago de Cuba"]
[Date "2018.03.24"]
[Round "7"]
[White "Saiz Rodriguez, Daniel Evelio"]
[Black "Cazulo Ramirez, Jesus David"]
[Result "1-0"]
[WhiteElo "2256"]
[BlackElo "2210"]
[PlyCount "83"]
[EventDate "2018.03.20"]
[EventType "tourn"]
[EventRounds "10"]
[EventCountry "CUB"]
[SourceTitle "EXT 2021"]
[Source "ChessBase"]
[SourceDate "2020.10.23"]
[SourceVersion "1"]
[SourceVersionDate "2020.10.23"]
[SourceQuality "1"]

1. e4 e5 2. Nf3 Nc6 3. Bc4 Nf6 4. d3 Be7 5. 0-0 0-0 6. c3 d6 7. Bb3 Na5 8. Bc2 c5 9. a3 Nc6 10. b4 h6 11. h3 Re8 12. Be3 Bf8 13. Nbd2 a6 14. d4 b6 15. Rb1 Qc7 16. Bd3 Bb7 17. Qc2 Ne7 18. bxc5 bxc5 19. dxe5 dxe5 20. Nxe5 Nc6 21. Nxf7 Na5 22. e5 Nd5 23. Bg6 Re6 24. Bh7+ Kxf7 25. Qf5+ Ke7 26. Bg8 Rxe5 27. Bxc5+ Kd8 28. Qxf8+ Re8 29. Qf7 Qxc5 30. Rxb7 Nxb7 31. Qxb7 Rc8 32. Bxd5 Rc7 33. Qb8+ Rc8 34. Qb7 Rc7 35. Qb8+ Rc8 36. Qb3 Qxc3 37. Qb6+ Qc7 38. Qxa6 Rb8 39. Nc4 Re2 40. Bf3 Rc2 41. Qe6 Qd7 42. Rd1 1-0

[Event "Camaguey 504 Anniv Elite"]
[Site "Camaguey"]
[Date "2018.02.07"]
[Round "10"]
[White "Duarte Napoles, Fanny"]
[Black "Saiz Rodriguez, Daniel Evelio"]
[Result "1-0"]
[WhiteElo "2274"]
[BlackElo "2317"]
[PlyCount "87"]
[EventDate "2018.02.01"]
[EventType "tourn"]
[EventRounds "10"]
[EventCountry "CUB"]
[SourceTitle "EXT 2021"]
[Source "ChessBase"]
[SourceDate "2020.10.23"]
[SourceVersion "1"]
[SourceVersionDate "2020.10.23"]
[SourceQuality "1"]

1. d4 Nf6 2. Nf3 c5 3. c3 e6 4. Bf4 Nc6 5. e3 cxd4 6. exd4 Be7 7. Nbd2 d6 8. Be2 Rb8 9. 0-0 b5 10. h3 0-0 11. Re1 Qb6 12. Rc1 Bb7 13. Bd3 Na5 14. Qe2 Rfc8 15. b3 Nd5 16. Qe4 g6 17. Bg5 Bf8 18. Qh4 Rxc3 19. Rxc3 Nxc3 20. Bh6 Qd8 21. Ng5 Be7 22. Qg4 Bc8 23. h4 Nd5 24. Qf3 Bf6 25. Nde4 Rb7 26. Qg3 Nc6 27. Nxd6 Nxd4 28. Nxb7 Bxb7 29. h5 Qc7 30. hxg6 hxg6 31. Ne4 Be5 32. Qh4 Nf5 33. Qh3 Nxh6 34. Qxh6 Bg7 35. Qc1 Qb6 36. Qc5 Qa5 37. Qc1 Qxa2 38. Nc5 Bd4 39. Re2 Qa5 40. Nxb7 Qb6 41. Qc8+ Kg7 42. g3 Nf6 43. Qd8 Qxb7 44. Qxd4 1-0

[Event "Camaguey 504 Anniv Elite"]
[Site "Camaguey"]
[Date "2018.02.06"]
[Round "9"]
[White "Saiz Rodriguez, Daniel Evelio"]
[Black "Medina Diaz, Rafael Alejandro"]
[Result "1/2-1/2"]
[WhiteElo "2317"]
[BlackElo "2303"]
[PlyCount "104"]
[EventDate "2018.02.01"]
[EventType "tourn"]
[EventRounds "10"]
[EventCountry "CUB"]
[SourceTitle "EXT 2021"]
[Source "ChessBase"]
[SourceDate "2020.10.23"]
[SourceVersion "1"]
[SourceVersionDate "2020.10.23"]
[SourceQuality "1"]

1. e4 c5 2. Nc3 d6 3. f4 Nc6 4. Nf3 g6 5. Bb5 Bd7 6. Bc4 Bg7 7. 0-0 e6 8. d3 Nge7 9. a3 0-0 10. Qe1 a6 11. Qh4 b5 12. Bb3 Rc8 13. f5 gxf5 14. Bh6 Ng6 15. Qh5 Bxh6 16. Qxh6 Qf6 17. exf5 exf5 18. Nd5 Qg7 19. Qg5 Kh8 20. Nb6 h6 21. Qd2 Rcd8 22. Nxd7 Rxd7 23. c3 d5 24. d4 cxd4 25. cxd4 Re8 26. Rac1 Re6 27. Rfe1 Nce7 28. Rxe6 fxe6 29. Qe3 Kh7 30. Rc2 Qf6 31. Re2 Rd6 32. Ne5 Qg5 33. Qxg5 hxg5 34. Nf7 Nf4 35. Rc2 Rc6 36. Nxg5+ Kg6 37. Nf3 Kf6 38. Rd2 Rc1+ 39. Kf2 Nc8 40. Ke3 Ng6 41. Rc2 Rxc2 42. Bxc2 Nd6 43. b3 f4+ 44. Ke2 Ne4 45. Bxe4 dxe4 46. Nd2 Kf5 47. b4 Nh4 48. g4+ Kxg4 49. Nxe4 f3+ 50. Kf2 Nf5 51. d5 exd5 52. Nf6+ Kh3 1/2-1/2

[Event "Camaguey 504 Anniv Elite"]
[Site "Camaguey"]
[Date "2018.02.05"]
[Round "8"]
[White "Saiz Rodriguez, Daniel Evelio"]
[Black "Elias Reyes, Jorge Roberto"]
[Result "0-1"]
[WhiteElo "2317"]
[BlackElo "2312"]
[PlyCount "94"]
[EventDate "2018.02.01"]
[EventType "tourn"]
[EventRounds "10"]
[EventCountry "CUB"]
[SourceTitle "EXT 2021"]
[Source "ChessBase"]
[SourceDate "2020.10.23"]
[SourceVersion "1"]
[SourceVersionDate "2020.10.23"]
[SourceQuality "1"]

1. Nf3 Nf6 2. d4 d5 3. Bg5 Ne4 4. Bh4 c5 5. dxc5 Nc6 6. e3 Bg4 7. Be2 Qa5+ 8. c3 Qxc5 9. b4 Qd6 10. Qb3 g6 11. Na3 Bg7 12. Nb5 Qb8 13. Rd1 a6 14. Nbd4 0-0 15. 0-0 Rc8 16. Bg3 Nxg3 17. hxg3 e6 18. Rc1 Ne5 19. Nxe5 Bxe2 20. Nxe2 Qxe5 21. c4 dxc4 22. Rxc4 b5 23. Rc2 Qe4 24. Rfc1 Rxc2 25. Rxc2 Rd8 26. f3 Qe5 27. Kf2 h5 28. Rc5 Qa1 29. Rc1 Qe5 30. Rc5 Qd6 31. a4 Qd2 32. Rc2 Rd3 33. Rxd2 Rxb3 34. a5 Bf8 35. Rd8 Kg7 36. Ra8 Bxb4 37. Rxa6 Bd2 38. g4 h4 39. Kg1 Bxe3+ 40. Kh2 Rb2 41. Nc3 b4 42. Ne4 f5 43. gxf5 gxf5 44. Nd6 Bf4+ 45. Kg1 Bg3 46. Kf1 Rf2+ 47. Ke1 Rxg2+ 0-1